NRJ Music Awards 2019 - Les gagnants - Statistiques

Statistiques générales
  • Ce quiz a été pris 14 fois
  • Le résultat moyen est 6 sur 14
Statistiques - réponses
Hint Réponse % Correct
DJ de l'année DJ Snake
67%
Artiste féminine francophone Angèle
58%
Artiste féminine internationale Ariana Grande
50%
Groupe/duo francophone Bigflo et Oli
50%
Révélation francophone Bilal Hassani
42%
Révélation internationale Billie Eilish
42%
Artiste masculin international Ed Sheeran
42%
Award d'honneur Jonas Brothers
42%
Performance francophone Ca va ça vient (Vitaa & Slimane)
33%
Groupe/duo internationale Lady Gaga et Bradley Cooper
33%
Artiste masculin francophone M. Pokora
33%
Clip de l'année Promesses (Bigflo et Oli)
33%
Chanson internationale Senorita (Shawn Mendes & Camilla Cabello)
33%
Chanson francophone Tout oublier (Angèle et Roméo Elvis)
33%
Aucun quiz correspondant
Distribution des résultats
% des personnes avec chaque résultat
Percentile par nombre de réponses
Votre historique - résultats
Vous n’avez pas pris ce quiz